000 00857nam a22003130a 4500
001 PT45407
003 AR-LpoUNG
005 20210131231051.0
008 191001s2006||||ag |||||||||||||||||spa d
020 _a9500110369
_c$12.85
040 _aAR-LpoUNG
_bspa
_cAR-LpoUNG
_eaacr
041 _aspa
044 _aag
082 0 _a808.068 3 334cue
100 1 _aSchillaci, Laura
_ecomp.
245 1 0 _aCuentos extraños y fantásticos :
_bantología
250 _a1§ ed.
260 _aBuenos Aires :
_bEstrada,
_c2006.
300 _a87 p. :
_bil.
650 4 _aENSEÑANZA DE LA LECTURA
650 4 _aENSEÑANZA SECUNDARIA
650 4 _aLITERATURA
651 4 _aDOCUMENTOS TEORICOS O METODOLOGICOS
653 _aLITERATURA FANTASTICA
653 _aLITERATURA INFANTOJUVENIL
700 1 _aSeoane, Silvia
_ecomp.
905 _a45407
942 _cLIB
999 _c7820
_d7820